000 01078nam a2200253 a 4500
003 AM-YeHGA
005 20250618080132.0
008 240304s2023 riu|||||||||||||||0|eng|d
020 _a9781931834490
040 _aAM-YeHGA
041 0 _aeng
245 0 _aThe Post-WWI Rise of Turkish Nationalism and Resumption of Genocidal Polices :
_bA Collection of Prime Sources Documenting the Treatment of Armenians and Greeks in Turkey /
_cCom. and transl. by Vatche Ghazarian.
260 _aPortsmouth, Rhode Island :
_bMayreni Publishing,
_c2023.
300 _a586 p.
500 _aԳրքի թվային տարբերակը գրադարանին տրամադրել է Վաչե Ղազարյանը։
650 1 4 _aՀայոց ցեղասպանություն (1915-1923)
650 1 4 _aՀայկական հարց
_94470
650 1 4 _aՀույներ
650 1 4 _aԲացակա գրքեր
700 1 _aGhazarian, Vatche
_4com
_4trl
856 4 1 _uhttps://arar.sci.am/dlibra/publication/399892/edition/370088/content
_yԿարդալ առցանց
942 _2udc
_cBK
090 _c567926
999 _c529491
_d529491